000 00530nam a2200181Ia 4500
999 _c36928
_d36928
003 OSt
005 20210123125503.0
008 190216s9999||||xx |||||||||||||| ||und||
020 _a9788182090767
040 _coclc
082 _a428.076
_bMAD/O
100 _aMadhavan, P K
_96495
245 0 _aObjective English For Competitive Examinations /
_cP K Madhavan
260 _bVijay Nicoles,
_c2008.
_aChennai:
300 _a506p
650 _aReferences
942 _cREF
_2ddc
_h428.076
_iMAD/O
_k428.076
_mMAD/O